000 01166nam a2200325 a 4500
001 000113111
003 CHAP
005 20220329144339.0
008 170425s2016 mx a fsm |||||||spa d
010 _a109572
011 _a110544
040 _cCHAP
090 _aTesis
100 1 _aAguilar Hernández, Angel Daniel
_9132002
245 1 0 _aVariabilidad en contenido de antocianinas en grano y elote de maíz (Zea mayz L.) pigmentado /
_h[En línea]
_cpor Angel Daniel Aguilar Hernández.
260 _aChapingo, Méx. :
_bEl autor,
_c2016.
500 _aPara ver el contenido del material haga clic en la liga
502 _aTesis (Ing. Agroindustrial) -- UACH. Departamento de Ingeniería Agroindustrial
590 _aBATCH
_b00
_c20181121
_lUCH01
_h0758
590 _aE8697GMM
_b05
_c20170425
_lUCH01
_h0938
590 _aE8697GMM
_b05
_c20170425
_lUCH01
_h1006
650 1 4 _aMaíz
_xAntocianinas.
_9132003
650 1 4 _aMaíz
_xColor.
_970905
650 1 4 _aMaíz
_xFisiología y morfología.
_970958
856 _a1
_n0000075
856 _aFinding aid
_uhttp://10.13.5.2/tesis/sist113111.pdf
_zTeclea aquí
901 _aBK
942 _cTESIS
942 _n0
999 _c109572
_d109572